00814nam a2200253 u 45000010006000000050017000060080041000230350010000640400013000740410008000870820008000951000044001032450073001472600043002203000014002636500028002776500036003057000042003419420010003839990017003935020012004105260008004229520130004307168620260504071645.0960313s1992 ||||||m| spa  a71686 ccomduadb aspa 4a37010aTangarife O., Gustavo4auteaut948373910aActitud de los alumnos de sexto grado frente a la violencia familiar aMedellín :b[sin publicador],c1992. a145 hojas aViolencia escolar91723 7aViolencia familiar2lemb94385410aDiaz G, Olga Susana4auteaut9260418 cTESIS c26468d26468 b153c15 a155 001040708TESISBCaBCbBCd1998-05-13iC115258l0o370.193 T164ap61000002232276r2023-04-20 00:00:00t1w2023-04-20yTESIS